Súkromná škola architektúry - Zóna Rožňavská / Vajnorská

Guardado en:
Detalles Bibliográficos
Autor principal: Tomanová, Kristína (Autor)
Otros Autores: Polakovič, Štefan (Orientador)
Formato: Manuscrito Libro
Lenguaje:eslovaco
Publicado: Bratislava 2018
Materias:
Acceso en línea:http://is.stuba.sk/zp/portal_zp.pl?podrobnosti=128429
Etiquetas: Agregar Etiqueta
Sin Etiquetas, Sea el primero en etiquetar este registro!

MARC

LEADER 00000ntm a22000003a 4500
001 stuzp68722
003 SK-STU
005 20210113113040.9
007 ta
008 150427s2015----xo-----f-mn---000-0-slo-d
040 |a STU  |b slo 
041 0 |a slo 
100 1 |a Tomanová, Kristína  |u 058180  |4 aut  |U FAD Fakulta architektúry  |T FA Ústav architektúry občianskych budov  |X 62232  |U A8180  |Y 399  |7 62232 
242 0 1 |a School of architecture - Rožňavská / Vajnorská  |y eng 
245 1 0 |a Súkromná škola architektúry - Zóna Rožňavská / Vajnorská 
260 |c 2018  |a Bratislava 
650 4 |a rekonštrukcia  |2 slo 
650 4 |a skladová hala  |2 slo 
650 4 |a škola architektúry  |2 slo 
650 4 |a school of architecture  |2 eng 
650 4 |a reconstruction  |2 eng 
650 4 |a warehouse  |2 eng 
700 1 |a Polakovič, Štefan  |u 058180  |k Z2  |4 ths  |U FAD Fakulta architektúry  |T FA Ústav architektúry občianskych budov  |X 70902  |U A8180  |Y 399  |7 A000070902 
856 4 |u http://is.stuba.sk/zp/portal_zp.pl?podrobnosti=128429  |u https://opac.crzp.sk/?fn=detailBiblioForm&sid=752BE197E3AE405D458FF679404B